[Event "ODJM C 2024"]
[Site "Willingen GER"]
[Date "2024.05.21"]
[Round "4"]
[White "Lange, Lene Marie"]
[Black "Kraus, Jesper"]
[Result "1-0"]
[Termination "normal"]
[Board "30"]
[WhiteElo "1497"]
[BlackElo "999"]
[WhiteClock "01:15:50"]
[BlackClock "00:36:41"]
[PlyCount "155"]
[WhiteFideId "34639748"]
[BlackFideId "533001936"]
[EventCountry "GER"]
[EventRounds "9"]
[EventType "swiss"]
[EventDate "2024.05.18"]

1. e4 {[%clk 01:30:56]} {[%emt 00:00:04]} e5 {[%clk 01:30:52]} {[%emt
00:00:08]} 2. f4 {[%clk 01:31:13]} {[%emt 00:00:13]} exf4 {[%clk 01:28:24]}
{[%emt 00:02:58]} 3. Nf3 {[%clk 01:31:16]} {[%emt 00:00:27]} Nc6 {[%clk
01:26:19]} {[%emt 00:02:34]} 4. d4 {[%clk 01:29:35]} {[%emt 00:02:12]} Bd6
{[%clk 01:25:35]} {[%emt 00:01:15]} 5. Nc3 {[%clk 01:27:12]} {[%emt 00:02:53]}
f6 {[%emt 00:04:24]} 6. e5 {[%clk 01:24:54]} fxe5 {[%clk 01:24:15]} {[%emt
00:00:43]} 7. dxe5 {[%clk 01:24:52]} {[%emt 00:00:32]} Nxe5 {[%clk 01:24:11]}
{[%emt 00:00:35]} 8. Nxe5 {[%clk 01:24:57]} {[%emt 00:00:25]} Bxe5 {[%clk
01:23:48]} {[%emt 00:00:53]} 9. Qh5+ {[%clk 01:25:01]} {[%emt 00:00:23]} g6
{[%clk 01:24:08]} {[%emt 00:00:12]} 10. Qxe5+ {[%clk 01:25:14]} {[%emt
00:00:17]} Qe7 {[%clk 01:23:48]} {[%emt 00:00:51]} 11. Qxe7+ {[%clk 01:25:32]}
{[%emt 00:00:12]} Nxe7 {[%emt 00:00:23]} 12. Bxf4 {[%emt 00:00:28]} d6 {[%clk
01:22:13]} {[%emt 00:01:13]} 13. O-O-O {[%clk 01:25:12]} {[%emt 00:00:50]} Bd7
{[%clk 01:15:44]} {[%emt 00:04:36]} 14. Bd3 {[%clk 01:25:14]} {[%emt 00:02:51]}
h6 {[%clk 01:13:38]} {[%emt 00:02:09]} 15. Rde1 {[%clk 01:23:33]} {[%emt
00:02:37]} O-O-O {[%emt 00:00:29]} 16. Rxe7 {[%emt 00:00:42]} g5 {[%clk
01:10:22]} {[%emt 00:02:35]} 17. Bg3 {[%clk 01:23:13]} {[%emt 00:00:50]} Rhf8
{[%clk 01:09:07]} {[%emt 00:01:45]} 18. Rf1 {[%clk 01:22:46]} {[%emt 00:00:57]}
Rxf1+ {[%clk 01:08:02]} {[%emt 00:01:35]} 19. Bxf1 {[%clk 01:23:07]} {[%emt
00:00:10]} h5 {[%clk 01:05:46]} {[%emt 00:02:46]} 20. h4 {[%clk 01:22:08]}
{[%emt 00:01:28]} Rg8 {[%emt 00:02:41]} 21. Rh7 {[%clk 01:21:40]} {[%emt
00:00:39]} Bg4 {[%clk 01:00:08]} {[%emt 00:04:14]} 22. Be2 {[%clk 01:20:14]}
{[%emt 00:01:58]} Bxe2 {[%clk 00:59:22]} {[%emt 00:01:16]} 23. Nxe2 {[%clk
01:18:10]} {[%emt 00:02:34]} gxh4 {[%clk 00:59:36]} {[%emt 00:00:15]} 24. Bxh4
{[%clk 01:18:05]} {[%emt 00:00:34]} Rxg2 {[%clk 00:59:54]} {[%emt 00:00:12]}
25. Rh8+ {[%clk 01:18:09]} {[%emt 00:00:26]} Kd7 {[%clk 01:00:12]} {[%emt
00:00:12]} 26. Rd8+ {[%clk 01:18:26]} {[%emt 00:00:14]} Kc6 {[%clk 00:59:53]}
{[%emt 00:00:49]} 27. Nd4+ {[%clk 01:18:22]} {[%emt 00:00:33]} Kd5 {[%clk
00:59:51]} {[%emt 00:00:31]} 28. c3 {[%clk 01:17:44]} {[%emt 00:01:09]} Rg1+
{[%clk 00:59:49]} {[%emt 00:00:32]} 29. Kc2 {[%clk 01:17:56]} {[%emt 00:00:18]}
c5 {[%clk 01:00:05]} {[%emt 00:00:13]} 30. Nf3 {[%clk 01:17:37]} {[%emt
00:00:49]} Rg2+ {[%clk 00:59:57]} {[%emt 00:00:36]} 31. Nd2 {[%clk 01:17:31]}
{[%emt 00:00:38]} c4 {[%clk 00:59:22]} {[%emt 00:01:05]} 32. Be7 {[%clk
01:17:07]} {[%emt 00:00:53]} Rg6 {[%clk 00:57:35]} {[%emt 00:02:18]} 33. b3
{[%clk 01:15:50]} {[%emt 00:01:46]} b5 {[%clk 00:56:32]} {[%emt 00:01:34]} 34.
Rd7 {[%clk 01:12:59]} {[%emt 00:03:20]} a5 {[%clk 00:55:01]} {[%emt 00:02:02]}
35. Ra7 {[%clk 01:11:47]} {[%emt 00:01:43]} Rg7 {[%clk 00:54:20]} {[%emt
00:01:09]} 36. Rxa5 {[%clk 01:11:18]} {[%emt 00:01:00]} Rxe7 {[%clk 00:54:30]}
{[%emt 00:00:21]} 37. Rxb5+ {[%clk 01:11:40]} {[%emt 00:00:08]} Kc6 {[%clk
00:53:56]} {[%emt 00:01:03]} 38. Rxh5 {[%clk 01:11:53]} {[%emt 00:00:17]} cxb3+
{[%clk 00:53:29]} {[%emt 00:00:58]} 39. axb3 {[%clk 01:12:06]} {[%emt
00:00:16]} d5 {[%clk 00:48:07]} {[%emt 00:05:51]} 40. c4 {[%clk 01:09:33]}
{[%emt 00:03:04]} d4 {[%clk 00:48:07]} {[%emt 00:00:30]} 41. Rd5 {[%clk
01:08:40]} {[%emt 00:01:22]} Re3 {[%clk 00:47:53]} {[%emt 00:00:36]} 42. Rxd4
{[%clk 01:08:51]} {[%emt 00:00:28]} Kc5 {[%clk 00:46:40]} {[%emt 00:01:43]} 43.
Rd3 {[%clk 01:09:04]} {[%emt 00:00:17]} Re2 {[%clk 00:46:20]} {[%emt 00:00:49]}
44. Kc3 {[%clk 01:09:02]} {[%emt 00:00:32]} Kc6 {[%clk 00:44:54]} {[%emt
00:01:57]} 45. Nf3 {[%emt 00:02:36]} Kb6 {[%clk 00:43:07]} {[%emt 00:00:27]}
46. b4 {[%clk 01:08:47]} {[%emt 00:00:28]} Re4 {[%clk 00:41:19]} {[%emt
00:02:18]} 47. Rd4 {[%clk 01:08:49]} {[%emt 00:00:29]} Re3+ {[%clk 00:40:59]}
{[%emt 00:00:49]} 48. Rd3 {[%clk 01:09:09]} {[%emt 00:00:10]} Re4 {[%clk
00:41:13]} {[%emt 00:00:16]} 49. Ng5 {[%clk 01:09:15]} {[%emt 00:00:24]} Re5
{[%clk 00:41:02]} {[%emt 00:00:38]} 50. Nf7 {[%clk 01:09:04]} {[%emt 00:00:43]}
Re7 {[%clk 00:40:15]} {[%emt 00:01:16]} 51. Ng5 {[%clk 01:09:09]} {[%emt
00:00:27]} Rg7 {[%clk 00:39:56]} {[%emt 00:00:49]} 52. Nf3 {[%clk 01:09:11]}
{[%emt 00:00:29]} Rc7 {[%clk 00:38:54]} {[%emt 00:01:32]} 53. Rd6+ {[%clk
01:08:59]} {[%emt 00:00:41]} Kb7 {[%clk 00:38:49]} {[%emt 00:00:35]} 54. Ne5
{[%clk 01:09:00]} {[%emt 00:00:29]} Re7 {[%clk 00:38:07]} {[%emt 00:01:12]} 55.
Rd7+ {[%clk 01:09:16]} {[%emt 00:00:14]} Rxd7 {[%clk 00:37:59]} {[%emt
00:00:38]} 56. Nxd7 {[%clk 01:09:39]} {[%emt 00:00:07]} Kc7 {[%clk 00:38:14]}
{[%emt 00:00:15]} 57. Nf6 {[%clk 01:09:53]} {[%emt 00:00:15]} Kc6 {[%clk
00:37:59]} {[%emt 00:00:41]} 58. Kd4 {[%clk 01:10:18]} {[%emt 00:00:10]} Kd6
{[%clk 00:38:02]} {[%emt 00:00:27]} 59. b5 {[%clk 01:10:28]} {[%emt 00:00:20]}
Kc7 {[%clk 00:38:21]} {[%emt 00:00:10]} 60. Kc5 {[%clk 01:10:41]} {[%emt
00:00:17]} Kb7 {[%clk 00:37:44]} {[%emt 00:02:08]} 61. b6 {[%clk 01:10:28]}
{[%emt 00:00:45]} Kb8 {[%clk 00:35:00]} {[%emt 00:03:14]} 62. Kc6 {[%clk
01:10:28]} {[%emt 00:00:29]} Kc8 {[%clk 00:34:20]} {[%emt 00:01:10]} 63. Nd7
{[%clk 01:10:36]} {[%emt 00:00:21]} Kd8 {[%clk 00:34:30]} {[%emt 00:00:21]} 64.
b7 {[%clk 01:10:57]} {[%emt 00:00:09]} Ke7 {[%clk 00:34:48]} {[%emt 00:00:12]}
65. b8=Q {[%clk 01:11:15]} {[%emt 00:00:12]} Ke6 {[%clk 00:35:03]} {[%emt
00:00:15]} 66. Qd6 {[%clk 01:11:38]} {[%emt 00:00:07]} Kf5 {[%clk 00:35:10]}
{[%emt 00:00:22]} 67. Qe7 {[%clk 01:12:02]} {[%emt 00:00:07]} Kf4 {[%clk
00:35:18]} {[%emt 00:00:22]} 68. Qe6 {[%clk 01:12:26]} {[%emt 00:00:06]} Kf3
{[%clk 00:35:23]} {[%emt 00:00:26]} 69. Qe5 {[%clk 01:12:49]} {[%emt 00:00:06]}
Kg4 {[%clk 00:35:14]} {[%emt 00:00:38]} 70. Qf6 {[%clk 01:13:13]} {[%emt
00:00:07]} Kg3 {[%clk 00:35:31]} {[%emt 00:00:13]} 71. Qf5 {[%clk 01:13:37]}
{[%emt 00:00:07]} Kg2 {[%clk 00:35:48]} {[%emt 00:00:13]} 72. Qf4 {[%clk
01:13:58]} {[%emt 00:00:07]} Kh3 {[%clk 00:35:42]} {[%emt 00:00:37]} 73. Qg5
{[%clk 01:14:21]} {[%emt 00:00:06]} Kh2 {[%clk 00:35:44]} {[%emt 00:00:29]} 74.
Qg4 {[%clk 01:14:43]} {[%emt 00:00:07]} Kh1 {[%clk 00:36:04]} {[%emt 00:00:11]}
75. Kd5 {[%clk 01:15:07]} {[%emt 00:00:06]} Kh2 {[%clk 00:36:14]} {[%emt
00:00:20]} 76. Ke4 {[%clk 01:15:31]} {[%emt 00:00:06]} Kh1 {[%clk 00:36:28]}
{[%emt 00:00:16]} 77. Kf3 {[%clk 01:15:56]} {[%emt 00:00:05]} Kh2 {[%clk
00:36:41]} {[%emt 00:00:17]} 78. Qg2+ {[%clk 01:15:50]} {[%emt 00:00:05]} 1-0

[Event "ODJM C 2024"]
[Site "Willingen GER"]
[Date "2024.05.21"]
[Round "4"]
[White "Piotrowski, Jaro"]
[Black "Kasten, Luna Seraphine"]
[Result "1-0"]
[Termination "normal"]
[Board "31"]
[WhiteElo "1223"]
[BlackElo "917"]
[WhiteClock "01:25:20"]
[BlackClock "01:16:20"]
[PlyCount "37"]
[WhiteFideId "34664629"]
[BlackFideId "34681639"]
[EventCountry "GER"]
[EventRounds "9"]
[EventType "swiss"]
[EventDate "2024.05.18"]

1. e4 {[%clk 01:30:27]} {[%emt 00:00:31]} Nc6 {[%clk 01:30:41]} {[%emt
00:00:20]} 2. d4 {[%clk 01:30:17]} {[%emt 00:00:39]} e6 {[%clk 01:30:46]}
{[%emt 00:00:26]} 3. Nc3 {[%clk 01:29:50]} {[%emt 00:00:55]} Nf6 {[%clk
01:29:54]} {[%emt 00:01:24]} 4. Bg5 {[%emt 00:01:48]} h6 {[%clk 01:30:12]} 5.
Bh4 {[%clk 01:28:23]} {[%emt 00:00:48]} Bb4 {[%clk 01:30:21]} {[%emt 00:00:23]}
6. e5 {[%clk 01:28:16]} {[%emt 00:00:36]} g5 {[%clk 01:29:39]} {[%emt
00:01:13]} 7. exf6 {[%clk 01:28:14]} {[%emt 00:00:33]} gxh4 {[%emt 00:00:21]}
8. Nf3 {[%clk 01:28:12]} {[%emt 00:00:27]} Qxf6 {[%emt 00:04:15]} 9. Bc4 {[%clk
01:26:13]} d5 {[%clk 01:28:28]} {[%emt 00:00:37]} 10. Bb3 {[%clk 01:26:32]}
{[%emt 00:00:11]} Bd7 {[%clk 01:27:58]} {[%emt 00:01:00]} 11. Qd2 {[%clk
01:25:40]} {[%emt 00:01:21]} Rg8 {[%clk 01:27:56]} {[%emt 00:00:29]} 12. O-O-O
{[%clk 01:24:48]} {[%emt 00:01:22]} Rxg2 {[%clk 01:27:50]} {[%emt 00:00:39]}
13. Qe3 {[%clk 01:24:47]} {[%emt 00:00:31]} Rg4 {[%clk 01:26:37]} {[%emt
00:01:37]} 14. Nxd5 {[%clk 01:25:04]} {[%emt 00:00:19]} Qd8 {[%clk 01:22:47]}
{[%emt 00:04:20]} 15. Rhg1 {[%clk 01:24:55]} {[%emt 00:00:40]} h5 {[%emt
00:02:01]} 16. h3 {[%emt 00:00:31]} Rxg1 {[%clk 01:17:24]} {[%emt 00:03:21]}
17. Rxg1 {[%clk 01:25:17]} {[%emt 00:00:08]} Ne7 {[%clk 01:17:09]} {[%emt
00:00:44]} 18. Nf6+ {[%clk 01:25:20]} {[%emt 00:00:28]} Kf8 {[%clk 01:16:20]}
{[%emt 00:01:18]} 19. Qh6# {[%emt 00:00:12]} 1-0

[Event "ODJM C 2024"]
[Site "Willingen GER"]
[Date "2024.05.21"]
[Round "4"]
[White "Prigandt, Junis"]
[Black "Muhl, Justinus"]
[Result "1-0"]
[Termination "normal"]
[Board "32"]
[WhiteElo "1181"]
[BlackElo "928"]
[WhiteClock "01:25:40"]
[BlackClock "00:53:17"]
[PlyCount "75"]
[WhiteFideId "34631712"]
[BlackFideId "34635190"]
[EventCountry "GER"]
[EventRounds "9"]
[EventType "swiss"]
[EventDate "2024.05.18"]

1. d4 {[%clk 01:30:38]} {[%emt 00:00:22]} d5 {[%clk 01:30:26]} {[%emt
00:00:35]} 2. c4 {[%clk 01:30:53]} {[%emt 00:00:14]} e5 {[%clk 01:29:26]}
{[%emt 00:01:31]} 3. Nc3 {[%clk 01:30:34]} {[%emt 00:00:49]} Bb4 {[%clk
01:25:19]} {[%emt 00:04:36]} 4. dxe5 {[%clk 01:27:24]} {[%emt 00:03:41]} d4
{[%clk 01:21:47]} {[%emt 00:04:02]} 5. a3 {[%clk 01:26:42]} {[%emt 00:01:13]}
Bxc3+ {[%clk 01:19:33]} {[%emt 00:02:44]} 6. bxc3 {[%clk 01:26:57]} {[%emt
00:00:14]} dxc3 {[%clk 01:19:25]} {[%emt 00:00:38]} 7. Qxd8+ {[%clk 01:27:01]}
{[%emt 00:00:26]} Kxd8 {[%emt 00:00:20]} 8. Bg5+ {[%emt 00:02:21]} f6 {[%clk
01:12:17]} {[%emt 00:04:57]} 9. exf6 {[%clk 01:26:49]} {[%emt 00:00:43]} Nxf6
{[%clk 01:10:37]} {[%emt 00:02:09]} 10. Bxf6+ {[%clk 01:27:07]} {[%emt
00:00:12]} gxf6 {[%clk 01:11:00]} {[%emt 00:00:07]} 11. g3 {[%clk 01:27:13]}
{[%emt 00:00:25]} Bf5 {[%clk 01:08:27]} {[%emt 00:03:03]} 12. Rc1 {[%clk
01:26:46]} {[%emt 00:00:57]} c2 {[%clk 01:05:20]} {[%emt 00:03:37]} 13. Bg2
{[%clk 01:26:39]} {[%emt 00:00:36]} Nc6 {[%clk 01:03:25]} {[%emt 00:02:24]} 14.
e4 {[%clk 01:26:04]} {[%emt 00:01:07]} Be6 {[%clk 01:01:49]} {[%emt 00:02:05]}
15. Rxc2 {[%clk 01:26:22]} {[%emt 00:00:12]} Ne5 {[%clk 01:01:48]} {[%emt
00:00:30]} 16. Ne2 {[%clk 01:26:24]} {[%emt 00:00:29]} Bxc4 {[%clk 01:00:24]}
{[%emt 00:01:53]} 17. O-O {[%clk 01:25:13]} {[%emt 00:01:42]} Ba6 {[%clk
00:56:09]} {[%emt 00:04:40]} 18. Rd1+ {[%clk 01:24:21]} {[%emt 00:01:27]} Kc8
{[%clk 00:54:27]} {[%emt 00:02:11]} 19. Rcd2 {[%clk 01:24:29]} {[%emt
00:00:22]} Bxe2 {[%clk 00:53:59]} {[%emt 00:00:58]} 20. Rxe2 {[%emt 00:00:44]}
Rd8 {[%clk 00:53:16]} {[%emt 00:01:09]} 21. Bh3+ {[%clk 01:24:09]} {[%emt
00:00:40]} Rd7 {[%clk 00:50:49]} {[%emt 00:02:58]} 22. Bxd7+ {[%clk 01:23:28]}
{[%emt 00:01:11]} Kd8 {[%clk 00:48:53]} {[%emt 00:02:20]} 23. Bf5+ {[%clk
01:22:53]} {[%emt 00:01:11]} Ke7 {[%clk 00:49:15]} {[%emt 00:00:08]} 24. f4
{[%clk 01:22:48]} {[%emt 00:00:35]} Nf3+ {[%clk 00:49:34]} {[%emt 00:00:11]}
25. Kg2 {[%clk 01:22:35]} {[%emt 00:00:43]} Ne1+ {[%clk 00:49:52]} {[%emt
00:00:13]} 26. Rexe1 {[%clk 01:22:35]} {[%emt 00:00:29]} Rd8 {[%clk 00:49:46]}
{[%emt 00:00:35]} 27. Rxd8 {[%clk 01:22:53]} {[%emt 00:00:13]} Kxd8 {[%clk
00:50:10]} {[%emt 00:00:06]} 28. Bxh7 {[%clk 01:23:15]} {[%emt 00:00:08]} f5
{[%clk 00:50:17]} {[%emt 00:00:23]} 29. Bxf5 {[%clk 01:23:37]} {[%emt
00:00:08]} c5 {[%clk 00:50:38]} {[%emt 00:00:09]} 30. Rc1 {[%clk 01:23:59]}
{[%emt 00:00:09]} b5 {[%emt 00:00:10]} 31. Rxc5 {[%clk 01:24:14]} {[%emt
00:00:13]} b4 {[%clk 00:51:24]} {[%emt 00:00:06]} 32. axb4 {[%clk 01:24:30]}
{[%emt 00:00:14]} a5 {[%clk 00:51:46]} {[%emt 00:00:08]} 33. bxa5 {[%clk
01:24:45]} {[%emt 00:00:14]} Ke8 {[%clk 00:51:59]} {[%emt 00:00:17]} 34. a6
{[%clk 01:25:03]} {[%emt 00:00:12]} Kd8 {[%clk 00:52:22]} {[%emt 00:00:06]} 35.
a7 {[%clk 01:25:25]} {[%emt 00:00:10]} Ke8 {[%clk 00:52:44]} {[%emt 00:00:08]}
36. Rc7 {[%clk 01:25:28]} {[%emt 00:00:27]} Kd8 {[%clk 00:52:54]} {[%emt
00:00:20]} 37. Rh7 {[%clk 01:25:52]} {[%emt 00:00:06]} Ke8 {[%clk 00:53:17]}
{[%emt 00:00:07]} 38. a8=Q# {[%clk 01:25:40]} {[%emt 00:00:11]} 1-0

[Event "ODJM C 2024"]
[Site "Willingen GER"]
[Date "2024.05.21"]
[Round "4"]
[White "Winklmann, Alexander"]
[Black "Kanno, Gabriel"]
[Result "1-0"]
[Termination "normal"]
[Board "34"]
[WhiteElo "1075"]
[BlackElo "884"]
[WhiteClock "01:05:24"]
[BlackClock "01:17:43"]
[PlyCount "131"]
[WhiteFideId "533001979"]
[BlackFideId "34623973"]
[EventCountry "GER"]
[EventRounds "9"]
[EventType "swiss"]
[EventDate "2024.05.18"]

1. e4 {[%clk 01:30:59]} {[%emt 00:00:01]} e5 {[%clk 01:30:56]} {[%emt
00:00:04]} 2. Nf3 {[%clk 01:31:23]} {[%emt 00:00:05]} Nc6 {[%clk 01:31:18]}
{[%emt 00:00:08]} 3. Bc4 {[%clk 01:31:29]} {[%emt 00:00:24]} Bc5 {[%clk
01:31:41]} {[%emt 00:00:07]} 4. Nc3 {[%clk 01:31:24]} {[%emt 00:00:35]} Nf6
{[%clk 01:32:02]} {[%emt 00:00:09]} 5. d3 {[%clk 01:31:40]} {[%emt 00:00:15]}
d6 {[%clk 01:32:20]} {[%emt 00:00:12]} 6. Bg5 {[%clk 01:31:12]} {[%emt
00:00:57]} h6 {[%clk 01:32:32]} {[%emt 00:00:20]} 7. Bh4 {[%clk 01:28:48]}
{[%emt 00:02:54]} g5 {[%clk 01:32:55]} {[%emt 00:00:06]} 8. Nxg5 {[%clk
01:25:59]} {[%emt 00:03:19]} hxg5 {[%clk 01:33:15]} {[%emt 00:00:10]} 9. Bxg5
{[%clk 01:26:16]} {[%emt 00:00:13]} Rg8 {[%clk 01:32:56]} {[%emt 00:00:50]} 10.
Bh4 {[%clk 01:24:44]} {[%emt 00:02:03]} Rxg2 {[%clk 01:32:23]} {[%emt
00:01:03]} 11. Qf3 {[%clk 01:24:38]} {[%emt 00:00:32]} Rg6 {[%clk 01:32:18]}
{[%emt 00:00:38]} 12. Nd5 {[%clk 01:24:59]} {[%emt 00:00:09]} Be6 {[%clk
01:30:52]} {[%emt 00:01:57]} 13. Nxf6+ {[%clk 01:24:51]} {[%emt 00:00:38]} Rxf6
{[%clk 01:31:11]} {[%emt 00:00:11]} 14. Bxf6 {[%clk 01:24:36]} {[%emt
00:00:45]} Qd7 {[%clk 01:31:29]} {[%emt 00:00:12]} 15. Rg1 {[%clk 01:24:26]}
{[%emt 00:00:38]} Ne7 {[%clk 01:30:06]} {[%emt 00:01:55]} 16. Bxe7 {[%clk
01:24:25]} {[%emt 00:00:30]} Kxe7 {[%clk 01:30:29]} {[%emt 00:00:08]} 17. Bxe6
{[%clk 01:24:40]} {[%emt 00:00:15]} Qxe6 {[%clk 01:30:50]} {[%emt 00:00:08]}
18. Qg4 {[%clk 01:24:01]} {[%emt 00:01:09]} Rh8 {[%clk 01:30:06]} {[%emt
00:01:14]} 19. Qxe6+ {[%clk 01:23:51]} {[%emt 00:00:40]} Kxe6 {[%clk 01:30:28]}
{[%emt 00:00:09]} 20. Rg2 {[%clk 01:24:09]} {[%emt 00:00:09]} b5 {[%clk
01:29:32]} {[%emt 00:01:29]} 21. Ke2 {[%clk 01:23:44]} {[%emt 00:00:49]} Rh3
{[%clk 01:29:41]} {[%emt 00:00:26]} 22. c3 {[%clk 01:23:29]} {[%emt 00:00:43]}
d5 {[%clk 01:27:24]} {[%emt 00:02:48]} 23. exd5+ {[%clk 01:23:01]} {[%emt
00:00:58]} Kxd5 {[%clk 01:27:47]} {[%emt 00:00:08]} 24. a4 {[%clk 01:22:57]}
{[%emt 00:00:35]} b4 {[%clk 01:28:06]} {[%emt 00:00:11]} 25. cxb4 {[%clk
01:22:32]} {[%emt 00:00:53]} Bxb4 {[%clk 01:28:16]} {[%emt 00:00:20]} 26. Rc1
{[%clk 01:22:37]} {[%emt 00:00:25]} c5 {[%clk 01:28:38]} {[%emt 00:00:09]} 27.
Rc4 {[%clk 01:22:26]} {[%emt 00:00:35]} f5 {[%clk 01:27:51]} {[%emt 00:01:22]}
28. Rg5 {[%clk 01:21:05]} {[%emt 00:01:49]} f4 {[%clk 01:27:57]} {[%emt
00:00:26]} 29. Re4 {[%clk 01:20:53]} {[%emt 00:00:38]} Rh6 {[%clk 01:27:07]}
{[%emt 00:01:23]} 30. Rgxe5+ {[%clk 01:20:49]} {[%emt 00:00:34]} Kc6 {[%clk
01:27:19]} {[%emt 00:00:19]} 31. Rf5 {[%clk 01:21:09]} {[%emt 00:00:08]} Kb6
{[%clk 01:27:30]} {[%emt 00:00:20]} 32. Rfxf4 {[%clk 01:21:10]} {[%emt
00:00:29]} Ka5 {[%clk 01:27:36]} {[%emt 00:00:24]} 33. b3 {[%clk 01:21:06]}
{[%emt 00:00:33]} Rxh2 {[%clk 01:26:53]} {[%emt 00:01:15]} 34. Rf7 {[%clk
01:21:21]} {[%emt 00:00:15]} a6 {[%clk 01:27:10]} {[%emt 00:00:13]} 35. Re6
{[%clk 01:21:27]} {[%emt 00:00:20]} Rh8 {[%clk 01:27:21]} {[%emt 00:00:22]} 36.
Ra7 {[%clk 01:21:44]} {[%emt 00:00:13]} Bc3 {[%clk 01:27:19]} {[%emt 00:00:32]}
37. Raxa6+ {[%clk 01:21:43]} {[%emt 00:00:31]} Kb4 {[%clk 01:27:39]} {[%emt
00:00:10]} 38. Reb6+ {[%clk 01:21:49]} {[%emt 00:00:22]} Ka3 {[%clk 01:27:53]}
{[%emt 00:00:16]} 39. a5 {[%clk 01:21:27]} {[%emt 00:00:51]} Rh5 {[%clk
01:27:40]} {[%emt 00:00:44]} 40. Rh6 {[%clk 01:20:51]} {[%emt 00:01:06]} Re5+
{[%clk 01:27:54]} {[%emt 00:00:17]} 41. Kf3 {[%clk 01:20:36]} {[%emt 00:00:39]}
Rf5 {[%clk 01:26:20]} {[%emt 00:02:09]} 42. Ke4 {[%clk 01:20:19]} {[%emt
00:00:45]} Rxf2 {[%clk 01:26:26]} {[%emt 00:00:26]} 43. Kd5 {[%clk 01:19:42]}
{[%emt 00:01:05]} Rf5+ {[%clk 01:26:19]} {[%emt 00:00:38]} 44. Kc4 {[%clk
01:19:53]} {[%emt 00:00:18]} Bb4 {[%clk 01:26:31]} {[%emt 00:00:19]} 45. Rh4
{[%clk 01:19:39]} {[%emt 00:00:40]} Rf2 {[%clk 01:25:29]} {[%emt 00:01:36]} 46.
d4 {[%clk 01:18:38]} {[%emt 00:01:27]} Rc2+ {[%clk 01:24:14]} {[%emt 00:01:47]}
47. Kb5 {[%clk 01:18:34]} {[%emt 00:00:34]} cxd4 {[%clk 01:23:58]} {[%emt
00:00:48]} 48. Rxd4 {[%clk 01:18:12]} {[%emt 00:00:52]} Rc5+ {[%clk 01:24:01]}
{[%emt 00:00:28]} 49. Kb6 {[%clk 01:18:08]} {[%emt 00:00:33]} Rf5 {[%clk
01:24:02]} {[%emt 00:00:26]} 50. Rd3 {[%clk 01:17:09]} {[%emt 00:01:31]} Rf6+
{[%clk 01:24:15]} {[%emt 00:00:19]} 51. Kb7 {[%clk 01:16:42]} {[%emt 00:00:49]}
Rf7+ {[%clk 01:24:19]} {[%emt 00:00:33]} 52. Kb6 {[%clk 01:14:21]} {[%emt
00:02:50]} Rf6+ {[%clk 01:24:30]} {[%emt 00:00:20]} 53. Kb5 {[%clk 01:14:27]}
{[%emt 00:00:21]} Rf5+ {[%clk 01:24:31]} {[%emt 00:00:33]} 54. Kc4 {[%clk
01:14:41]} {[%emt 00:00:15]} Rf4+ {[%clk 01:22:32]} {[%emt 00:02:29]} 55. Rd4
{[%clk 01:11:44]} {[%emt 00:03:26]} Rf5 {[%clk 01:22:27]} {[%emt 00:00:36]} 56.
Rd5 {[%emt 00:02:57]} Rf4+ {[%emt 00:00:13]} 57. Kb5 {[%clk 01:08:51]} {[%emt
00:00:11]} Rf3 {[%clk 01:21:00]} {[%emt 00:02:00]} 58. Rb6 {[%clk 01:07:54]}
{[%emt 00:01:22]} Rxb3 {[%clk 01:21:00]} {[%emt 00:00:34]} 59. a6 {[%clk
01:07:50]} {[%emt 00:00:35]} Rg3 {[%clk 01:20:10]} {[%emt 00:01:19]} 60. a7
{[%clk 01:07:29]} {[%emt 00:00:51]} Rg8 {[%clk 01:17:54]} {[%emt 00:02:45]} 61.
Rb8 {[%clk 01:05:48]} {[%emt 00:02:11]} Rg4 {[%clk 01:17:20]} {[%emt 00:01:04]}
62. a8=Q+ {[%clk 01:06:09]} {[%emt 00:00:26]} Kb3 {[%clk 01:17:44]} {[%emt
00:00:50]} 63. Qa4+ {[%clk 01:06:22]} {[%emt 00:00:17]} Kc3 {[%clk 01:17:35]}
{[%emt 00:00:39]} 64. Rc8+ {[%clk 01:05:13]} {[%emt 00:01:39]} Kb2 {[%clk
01:17:49]} {[%emt 00:00:17]} 65. Rd2+ {[%clk 01:05:06]} {[%emt 00:00:35]} Kb1
{[%clk 01:17:43]} {[%emt 00:00:38]} 66. Qa2# {[%clk 01:05:24]} {[%emt
00:00:12]} 1-0